Normal view
MARC view
- راجعها وعلق عليها مطرجي،عرفان
Entry Personal Name
001 - CONTROL NUMBER
- control field: 26590
003 - CONTROL NUMBER IDENTIFIER
- control field: JO-AjAnu
005 - DATE AND TIME OF LATEST TRANSACTION
- control field: 20230606074528.0
008 - FIXED-LENGTH DATA ELEMENTS
- fixed length control field: 230606|| aca||aabn | a|a d
040 ## - CATALOGING SOURCE
- Original cataloging agency: JO-AjAnu
- Transcribing agency: JO-AjAnu
100 ## - HEADING--PERSONAL NAME
- Personal name: راجعها وعلق عليها مطرجي،عرفان
670 ## - SOURCE DATA FOUND
- Source citation: Work cat.: (JO-AjAnu)13661: راجعها وعلق عليها مطرجي،عرفان, author, كليلة ودمنة: روزبة بن رازويه المعروف بإبن المقفع